00598nam a2200193 a 450000100060000000300090000600800410001502000180005604000280007408200190010210000180012124501000013926000270023930000100026665000370027665000280031365000290034165000340037023814CO-ViMGA141112s2004 ck r 000 u spa d a9789701512234 aCO-ViMGAbspacCO-ViMGA04a658.4038 G653s1 aGomez, Alvaro10aSistemas de informacion : bHerramientas practicas para la gestion empresarial / cAlvaro Gomez aMéxico : bAlfaomega a256p.14aADMINISTRACION DEL CONOCIMIENTO 14aGESTION DE INFORMACION 14aSISTEMAS DE INFORMACION 14aTECNOLOGIA DE LA INFORMACION